| 000 | 01527nam a2200349 c 4500 | ||
|---|---|---|---|
| 999 |
_c59302 _d59302 |
||
| 003 | BLK | ||
| 005 | 20220812153906.0 | ||
| 008 | 180408b bul|||||r ||||||| ||bul|| | ||
| 010 | _aKNG00063391000 | ||
| 040 | _aBLK | ||
| 041 |
_aBUL _cBUL |
||
| 080 |
_aСъпротивление на материалите _b539.3/.6 _x(075.8) _z539.3/.6(075.8) |
||
| 100 | 1 |
_aПопов, Борис К. _eпърви автор _9369754 |
|
| 139 |
_aПопов, Борис К. и др. _bП 76 |
||
| 245 | 1 | 0 |
_aСъпротивление на материалите _bУчебник за студентите от ВХТИ - София _cБорис К. Попов, Димитър П. Панчовски, Кънчо Г. Попов; науч. ред. Божидар Николов Тошев. |
| 257 | _aBGR | ||
| 260 |
_aСофия _bТехника _c1974 |
||
| 300 |
_a239 с. _bс черт. и табл. _c22 см |
||
| 380 | _a5 | ||
| 500 | _a2 066 тир. | ||
| 650 | 4 |
_aСъпротивление на материалите - учебници за ВУЗ _9248999 |
|
| 653 | _aсъпротивление на материалите | ||
| 653 | _aучебници за ВУЗ | ||
| 700 | 1 |
_aПанчовски, Димитър П. _eсъавт. _9288883 |
|
| 700 | 1 |
_aПопов, Кънчо Г. _eсъавт. _9252039 |
|
| 700 | 1 |
_aТошев, Божидар Николов _eнауч. ред. _9369748 |
|
| 852 |
_aЦб 70378 _bЦб |
||
| 856 | 4 | _qpdf | |
| 856 | 4 | _qpdf | |
| 942 |
_cKNG _n0 _s1 |
||
| 944 |
_aCR _c13.06.2004 _kЧиталня |
||
| 944 |
_aED _c13.01.2015 |
||
| 944 |
_aED _c2022-08-12 _kВП |
||
| 999 | _d59302 | ||